El contrato de participación en el derecho español y en el derecho comparado

Guardat en:
Dades bibliogràfiques
Autor principal: Solá de Cañizares, Felipe (Autor)
Format: Llibre
Idioma:espanyol
Publicat: Madrid Revista de Derecho Privado 1954
Col·lecció:Monografías Prácticas de Derecho Español, 24
Matèries:
Etiquetes: Afegir etiqueta
Sense etiquetes, Sigues el primer a etiquetar aquest registre!

MARC

LEADER 00000nam a2200000 a 4500
001 UCS2065
003 CL-VaPUC
008 970516e19540000SP |||||||||||||||||spa|d
082 0 4 |a 346.065  |b SOL  |2 21 
100 0 |a Solá de Cañizares, Felipe  |e author  |9 387087 
245 1 3 |a El contrato de participación en el derecho español y en el derecho comparado 
300 |a 166 p 
942 |c BK 
945 |d 19970516 00:00:00  |a paguirre 
260 |a Madrid  |b Revista de Derecho Privado  |c 1954 
650 0 |a Derecho comercial   |9 256340 
650 0 |a Contratos comerciales  |9 374028 
650 7 |a SOCIOS  |2 CL-VaPUC  |9 380861 
650 0 |a Acciones  |9 334173 
650 0 |a Sociedades comerciales   |9 257290 
650 0 |a Sociedades anónimas  |9 255387 
583 |a last modification  |c 19970516 00:00:00  |k Rodrigo Vera 
490 0 |a Monografías Prácticas de Derecho Español, 24 
999 |c 260062  |d 260060 
952 |0 0  |1 0  |4 0  |6 346_065000000000000_SOL_1954  |7 0  |8 A  |9 285647  |a BIBDER  |b BIBDER  |d 2019-11-19  |i 1855921  |o 346.065 SOL 1954  |p 1855921  |r 2023-01-25  |w 2019-11-19  |y BK  |k DER